La escultura: desde la Antigüedad hasta hoy
Uloženo v:
| Hlavní autor: | |
|---|---|
| Médium: | Kniha |
| Jazyk: | španělština |
| Vydáno: |
Barcelona
Ediciones Serres
1998
|
| Vydání: | 1a. ed |
| Edice: | Los Maestros del Arte
|
| Témata: | |
| Tagy: |
Přidat tag
Žádné tagy, Buďte první, kdo vytvoří štítek k tomuto záznamu!
|
MARC
| LEADER | 00000nam a2200000 a 4500 | ||
|---|---|---|---|
| 001 | UCG2242 | ||
| 003 | CL-VaPUC | ||
| 008 | 100624e19980000SP |||||||||||||||||spa|d | ||
| 020 | |a 8488061927 | ||
| 082 | 0 | 4 | |a 8 |b ROM |2 21 |
| 100 | 0 | |a Romei, Francesca |e author |9 550654 | |
| 245 | 1 | 3 | |a La escultura: desde la Antigüedad hasta hoy |
| 250 | |a 1a. ed | ||
| 300 | |a 64 p | ||
| 942 | |c BK | ||
| 945 | |d 20100624 00:00:00 |a dcastane | ||
| 260 | |a Barcelona |b Ediciones Serres |c 1998 | ||
| 650 | 0 | |a Escultura |9 265737 | |
| 650 | 7 | |a ESCULTURA ANTIGUA |2 CL-VaPUC |9 268751 | |
| 650 | 7 | |a ESCULTURA MODERNA |2 CL-VaPUC |9 268158 | |
| 650 | 7 | |a ESCULTURA CONTEMPORANEA |2 CL-VaPUC |9 449118 | |
| 583 | |a last modification |c 20100624 00:00:00 |k Rodrigo Vera | ||
| 490 | 0 | |a Los Maestros del Arte | |
| 999 | |c 341470 |d 341468 | ||
| 952 | |0 0 |1 0 |4 0 |6 8_000000000000000_ROM_1998 |7 0 |8 C |9 436984 |a BIBCUR |b BIBCUR |d 2019-11-22 |i 466910K |l 2 |o 8 ROM 1998 |p 466910K |r 2025-05-08 |s 2025-05-08 |w 2019-11-22 |y BK |k INF | ||